000 01242nam a22003017a 4500
005 20240530110412.0
008 150217r2010 ua bojfa 001 0 ara d
017 _a2974/2008
_bمصر . دار الكتب المصرية
020 _a9771442538
040 _aEG-CaGPL
041 0 _aara
082 0 4 _221
_a910.4
_bط/ن ن
100 1 _aدلال ، ايه كامالا
_qايه كامالا دلال
245 1 0 _aالهند /
_cتاليف ايه كامالا دلال ؛ ترجمة مروة رشاد عبدالستار ؛ اشراف داليا محمد ابراهيم
250 _aط2
260 _aالقاهرة
_bنهضة مصر للطباعة والنشر والتوزيع ،
_c2010
300 _a62 ص :
_bايض ؛
_c28 سم
490 0 _aناشيونال جيوجرافيك : دول العالم
650 0 4 _aالسياحة
651 0 4 _aالهند
_xوصف ورحلات
651 0 4 _aالهند
_xتاريخ
651 0 4 _aالهند
_xالوصف الجغرافى
651 0 4 _aالهند
_xالعادات والتقاليد
700 0 _aمروة رشاد عبدالستار
_eمترجم
700 0 _aداليا محمد ابراهيم
_eمشرف
942 _2ddc
_cBK
999 _c60470
_d60470